00683cam a22001933a 450000100060000000300060000600500170001200800410002904000150007004200070008510000370009224501790012926000290030850600300033751600200036770000310038783000290041885600420044738967PGUSA20140828083848.0120224s2012||||xxu|||||s|||||000 | eng d aPGUSAbeng adc1 aLanzi, Luigi Antonio,d1732-181014aThe History of Painting in Italy, Vol. 4 :bfrom the Period of the Revival of the Fine Arts to the End of the Eighteenth Centuryh[electronic resource] /cLuigi Antonio Lanzi bProject Gutenberg,c2012 aPublic domain in the USA. aElectronic text1 aRoscoe, Thomas,d1791-1871 0aProject Gutenbergv3896740uhttp://www.gutenberg.org/ebooks/38967